[Event "KEN-ch (Women)"]
[Site "Nairobi"]
[Date "2022.12.29"]
[Round "7"]
[White "Kaburo, Winnie"]
[Black "Cherono, Mercy"]
[Result "0-1"]
[WhiteElo "1219"]
[BlackElo "1196"]
[PlyCount "47"]
[EventDate "2022.12.26"]
[EventType "swiss"]
[EventRounds "9"]
[EventCountry "KEN"]
[SourceTitle "EXT 2024"]
[Source "ChessBase"]
[SourceDate "2023.10.10"]
[SourceVersion "1"]
[SourceVersionDate "2023.10.10"]
[SourceQuality "1"]

1. e4 c6 2. d4 d5 3. Nc3 dxe4 4. Nxe4 Bf5 5. Ng3 Bg6 6. Nf3 Nd7 7. Be3 e6 8. Bd3 Bxd3 9. Qxd3 Ngf6 10. 0-0 Bd6 11. Ne4 Nxe4 12. Qxe4 Nf6 13. Qd3 Qc7 14. h3 h6 15. Qd2 g5 16. Ne1 Bf4 17. Nd3 Bh2+ 18. Kh1 Bd6 19. Qe2 0-0-0 20. Rg1 Rhe8 21. g4 h5 22. f3 Qe7 23. Kg2 Nd5 24. Kf1 0-1